The 108 Stars of Destiny of Suikoden V (Video Game) - Statistics

General Stats
  • This quiz has been taken 74 times
  • The average score is 65 of 108
Answer Stats
No. Character Clue % Correct
98 Viki Clumsy magician who bears the Blinking Rune of teleportation. She has appeared in all main Suiko games.
96%
5 Belcoot The Kanakan swordsman who competes in, and is cheated out of, the Sacred Games. #54 is his girlfriend, #35 is his rival.
92%
24 Freyjadour Falenas (The Prince) The player character. The eldest child of Queen Arshtat and Commander Ferid of the Queendom of Falena.
92%
30 Georg Prime An unrivaled swordsman. Under Ferid's orders, he dispatches Queen Arshtat when the Sun Rune drives her to insanity.
92%
38 Jeane Immortal runemistress known for her stunning beauty who appears in all games, often scantily clad.
92%
42 Kyle The carefree member of the Queen's Knights with the blond mane. A ladies man with a huge crush on Sialeeds.
88%
49 Lu An extremely hyperactive young lady from Estrise. Constantly breaking #3's machines, to #91's frustration.
88%
53 Lyon The bodyguard of the hero. A Queen's Knight in training who was adopted by Ferid after he rescued her from Nether Gate.
88%
40 Killey A frigid, ruthless man garbed in red. He's searching for Sindar ruins. Knows #48 well, much to his chagrin. Familiar with #108.
85%
48 Lorelai A rookie explorer of Sindar ruins. She mostly follows #40 and #108, pestering both. Also appeared in Suiko's 1 and 2.
85%
52 Luserina Barows The daughter to the reigning Lord of Rainwall. Gives up on him and joins the player. Helps with team management.
85%
2 Ax The youngest of three Dragon Horses you recruit. He's #67's mount-in-training. *Grink!*
81%
7 Bernadette Egan Ferid's little sister and aunt of the hero. She's a high-ranking naval officer of the Island Nations.
81%
19 Eresh or Euram Barows This can either be #52's foppish, foolish brother or #38's mysterious little friend found in the hole near Rainwall. Your call.
81%
47 Logg Husband of #41, Father of #51, he's a fisherman/smuggler of Raftfleet. He and his daughter tend to get into mischief.
81%
51 Lun The daughter of #41 and #47, frequent accomplice to #47's mischief earily on, but sets herself apart as the game goes on.
81%
58 Miakis She's the bodyguard of the hero's little sister and lovingly torments her. Protects the hero after the Godwins fire her.
81%
72 Oboro A former agent of Nether Gate, now a pro detective. He took in #82 and #85 from Nether Gate and they work for him.
81%
18 Egbert Aethelbald His family used to rule Stormfist, until it was taken by the FILTHY DEVILS! He's got the family tree to prove it.
77%
44 Lelei A former prison guard, she befriended the inmate in her care, #50, and is now apprenticing as a tactician beneath her.
77%
106 Zerase A mysterious, pale woman dressed in black with immense magical power due to her Star Rune. Unapologetically abrasive.
77%
8 Boz Wilde The big, boisterous Lord of Estrise with the tall mohawk. Considers himself the rival of Dilber Novum.
73%
13 Cius Originally a jailer at Agate prison, he and #44 take a liking to their prisoner, #50 and help her escape.
73%
37 Isato The elven attendant and protector of #34 and Lunas in general. Totally dedicated to his work, he has no patience for #97.
73%
43 Lance The red dragon horse of #80. His whiskers look like a long beard. *Gronk!*
73%
50 Lucretia Merces Suiko 5's tactician. She got locked up for crossing the Godwins. #48 is her apprentice, #10 is a friend, Sialeeds hates her.
73%
67 Nick A rookie of the Dragon Horse Knights. He trains to someday ride #2, just don't ask him to play his dragon flute. #104's pal.
73%
74 Rahal Next in line to #15 in the Dragon Horse Cavalry. #23 is his mount. He's so pretty that he can disguise himself as #76.
73%
75 Raja Everyone in Raftfleet calls this retired navy commander and current mayor 'The Admiral' and she's earned it.
73%
10 Cathari A deadly sniper of the Howling Voice Guild. Knows #50 quite well. She bears a True Holy Rune (Godspeed Rune).
69%
20 Ernst You might think he's a leopard, but he's actually #71's boyfriend with a cursed rune. They believe #45 can remove it.
69%
21 Faylen The little sister of #22. They act as #81's second hands in their little bandit gang. She has a huge crush on #81.
69%
25 Fuwalafuwalu This furry little fella is the elder of the beaver folk. He tries to completely avoid humans, until their war comes to him.
69%
39 Josephine/Yuma A narcissistic fashionista residing in Haud Village. In actual fact, she's a runaway Armes noblewoman and #88's sister.
69%
55 Maroon The eldest of the Beaver Siblings. He's #25's assistant, and lends a hand in restoring Lordlake.
69%
57 Meroon The tiniest beaver. 2nd youngest of the five, she likes to play with humans and chase her youngst brother, #61. "Nuooh!"
69%
59 Miroon The second oldest of the beaver siblings. She left home to operate a hot spring in Yashuna. Opens a bath at the castle.
69%
61 Moroon The youngest of the beaver siblings. He's the rocker with the electric guitar. Lives at the Baska Mines and hates humans.
69%
64 Muroon The third oldest of the beaver siblings. He's the tallest and most intelligent. An expert builder, especially if it's dams.
69%
81 Roy The head bandit behind the Sable crime wave. Impersonates the hero during this. Once recruited, he's your decoy.
69%
108 Zweig An expert on the Sindar. Has little time for #48's antics, but she's always tailing him. He shows you to Ceras Lake's ruins.
69%
3 Babbage The oddball gear engineer of Estrise. Gets the elevator running. Bosses #91 around, frequently annoyed by #49.
65%
14 Cornelio A Haud Village composer of the Do Re Mi elves. Bears an unsettling resemblance to them. "Mediocrities everywhere!"
65%
22 Faylon The big, hefty bro of #21. His weapon is a giant, clobberific fist. There's a bird on his head.
65%
45 Levi An older mage of immense power. Paired with #6, they could be mistaken for Gandalf and Bilbo. The castle's magic tutor.
65%
54 Marina The bubbly girlfriend of #5. She worked at the inn in Stormfist, but now runs the castle inn.
65%
79 Richard He's sworn eternal loyalty to #62 and does whatever #62 says, even if #62 isn't serious. A fantastic swordsman on his own.
65%
80 Roog #74's mohawk-sporting best bud. He's the brash one of the two. #43 is his dragon horse.
65%
82 Sagiri A detective of #72's agency. A former Nether Gate assassin trained to perpetually smile. Assassinated #65's father.
65%
89 Shun Min The daughter of #78. She tends to the fishies at the castle. Grows up to be the lover of Suiko II's chef, to tragic result.
65%
105 Zegai The definition of the strong, silent type. An exceptional spear fighter who helps the hero escape during the Godwin coup.
65%
16 Dinn The General of Sable's armed forces. A calm man who swings a sword taller than he is.
62%
71 Norma A travelling performer and the dedicated girlfriend of #20. She loves the full moon, as it's the only time he's human.
62%
78 Retso This chef has two concerns: #89 (his daughter) and making the Mythical Fish Sashimi. Major opponent in Suiko 2's cookoffs.
62%
85 Shigure This guy will do his detective work, but "Ugh, what a pain!" Protective of #82, loyal to #72, bossed around by #26.
62%
87 Shoon A young gladiator of Stormfist. His goal is to end the cruel gladiatorial system. Helps uncover the Sacred Games plot.
62%
97 Urda A female elf from Alseid. She's trying to get #37 to come home and can't understand why he works with and helps humans.
62%
102 Wilhelm He heads up the Lindwurm Brigade with #62. #62 does most of the work, though. It seems like he's in it just to meet women.
62%
6 Bergen A young dwarf with spiked red hair. He's helping #45 with hole digging in the hopes of seeing some "Craaazy magic"
58%
12 Chuck A big brute with wild red hair. He minds the vault. Worked for #52's family, but his loyalty lies with her above all.
58%
27 Galleon The eldest of the Queen's Knights. He's the white-haired tank with the halberd. Was married to #90 way back.
58%
34 Haswar Falenas The hero's first cousin once removed. She's the Oracle of Lunas now, but was once heir to the Falenan throne.
58%
36 Isabel This fiery redhead in unorthodox armour has one goal: Stomp out evil wherever it may lurk. #56 is always at her side.
58%
41 Kisara The patient wife of #47 and mother of #51. She's the right hand of #75 and an experienced sailor and fisherwoman.
58%
62 Mueller A stoic, strict, intimidatingly tall man who leads the Lindwurm Mercenary Brigade with #102. Idolized by #79.
58%
1 Alhazred This old man is in pursuit of tomes. Particularly those with malicious runes embedded in them.
54%
15 Craig Laden The Commander of the Dragon Horse Cavalry. A stickler for rules, he refuses to aid the player until nearly the last minute.
54%
26 Fuyo This cheery lady is the administrator and mother hen of #72's detective agency. Also plays a mean game of Feitas.
54%
29 Genoh An ancient, intelligent tortoise affectionately known as "Boss" by the beavers. Enjoys other seniors and taking… it… slow…
54%
32 Gunde This dwarf frequently participates in #47's smuggling/jailbreak schemes by digging tunnels. Said to be the best in Falena.
54%
76 Rania #74's sister. Can hear things that are otherwise imperceptible to humans. Makes flutes for the Dragon Horse Cavalry.
54%
77 Raven An infamous thief of family trees. Gets his name from his rune, which grants invisibility. #72 has caught him before.
54%
9 Byakuren The monster of Ceras Lake. Turns out to be a serpent upset with the whole water level thing. #29 can speak to it.
50%
23 Flail A blue, female dragon horse. The mount of #74. Does not get along with #9. *Grank!*
50%
69 Nikea A martial arts expert known for her super-duper-special moves and voracious appetite.
50%
91 Sorensen The friendly assistant of #3. His duties include cleaning the workshop and keeping #49 out of #3's hair.
50%
28 Gavaya Hailing from armes, this guy with red dreadlocks is on a quest to find a wife. Knaves keep getting in his way, though.
46%
35 Hazuki The fierce, determined rival of #5 ever since he beat her in swordplay. She will go anywhere he is just for a rematch.
46%
56 Mathias The tall, stern follower of #36. Will attempt to throw anyone who looks crossly at #36 into the nearest body of water.
46%
65 Nakula A former soldier of Armes. This spearman's father was assassinated by #82 and he wants revenge. #72 has a talk with him.
46%
66 Nelis She and #103 are on a mission on behalf of the Island Nations to find and destroy rune cannon shells. You and #7 help.
46%
83 Sairoh A retired merchant of Raftfleet who comes out of retirement to lend his trading experience to the player. Uncle of #86.
46%
88 Shula Valya The eldest son of an influential Armes family. He's sent as a goodwill ambassador to the hero's side near the end of the war.
46%
92 Subala She's hot-tempered and ill-mannered, but there's few in Raftfleet that can fish as well as she. Childhood friend of #51.
46%
68 Nifsara An Armes spearwoman and bodyguard of #88. She loves to flirt with the hero and the other pretty men of the castle.
42%
90 Silva A doctor of Lordlake. Since its scorching, she spends all her time treating the sick and starving. #27's ex-wife.
42%
96 Toma A passionate kid from Lordlake who just wants to save the people of his town and see it restored to its former glory.
42%
104 Yoran A stable boy of Gordius primarily tasked with looking after #2. Usually hanging with #67. Plays a better flute than he does.
42%
107 Zunda The lone female dwarf you recruit. Really wants to see what all the fuss is over human-made windows.
42%
4 Bastan An old fellow with a long face. Was living in Haud Village as an appraiser, but he got fed up with the phonies there.
38%
17 Dongo This dwarf has had it with forging nails for #100! When he finally tells his boss that, you hire him as your blacksmith.
38%
46 Linfa A seductive gambler who uses her looks to her advantage in her card game antics.
38%
63 Murad This doctor handled the medical needs of the Sacred Games. Once war occurs, he's on the front lines treating the wounded.
38%
70 Norden On first glance, you'd think he's just Rainwall's town drunk, but he drinks to forget what #52's brother ordered him to do.
38%
94 Talgeyl The acting leader of Lordlake following the execution of the previous one. A polite old man and #96's grandpa.
38%
103 Yahr An Island Nations soldier tasked with finding Rune Cannon Shells. Joins your army in thanks for helping him find one.
38%
11 Chisato A ventriloquist of Nirva Island. Uses her skill to trick some pirates holding a kid hostage. Also handles the sound effect sets.
35%
31 Goesch A hot tempered farmer of Lordlake. He's passionate about his town and refuses to abandon it, no matter how destitute.
35%
84 Sharmista She's the bodyguard and assistant of #88. Though soft spoken, she's a high-ranking military official of Armes.
35%
100 Wabon The head dwarf. This guy was #17's boss. He LIVES for mine carts. They're his favourite thing ever, just ask him.
35%
93 Takamu You spring this cartographer from Agate Prison. Perhaps the one human who can see and navigate Elven roads.
31%
95 Taylor This journalist will go to any lengths to get the big scoop. Writes the newspaper for the castle.
31%
73 Orok Runs the western islet of Lelcar. He's the one who was in the shady business of forcing men into the Godwin army.
27%
86 Shinro #83's nephew. With his trusty abacus, he'll make sure you get the best deal on all your supplies.
27%
33 Haleth A pal of #47's based out of Hersheville. Helps him in his smuggling racket. Bookie for the Dragon Horse races at the castle.
23%
99 Volga The Lelcar leader who controls the eastern islet. A tough guy with a soft side, he takes in and raises orphans. #42 was one.
23%
60 Mohsen After Zahak destroys Lelcar, this armourer is out of a shop. Luckily, the castle is in need of such services.
19%
101 Wasil The Lelcar leader in the middle, in many ways. He's the one in green who keeps blurting the hero's name while undercover.
19%
No matching quizzes found
Score Distribution
Percent of People with Each Score
Percentile by Number Answered
Your Score History
You have not taken this quiz